书目信息 |
| 题名: |
长江晚第四纪河口地层学研究
|
|
| 作者: | 李从先 著 | |
| 分册: | ||
| 出版信息: | 北京 科学出版社 1998.12 |
|
| 页数: | 222页 | |
| 开本: | 26cm | |
| 丛书名: | ||
| 单 册: | ||
| 中图分类: | P534.63 | |
| 科图分类: | ||
| 主题词: | 第四纪 | |
| 电子资源: | ||
| ISBN: | 7-03-006762-2 | |
| 000 | 00619nam0 2200205 45 | |
| 001 | 0010100976 | |
| 005 | 20041221105350.4 | |
| 010 | @a7-03-006762-2@b精装本@dCNY39.00 | |
| 100 | @a20001010d1998 km y0chiy0120 ea | |
| 101 | 0 | @achi |
| 105 | @a z 000yy | |
| 200 | 1 | @a长江晚第四纪河口地层学研究@AChang Jiang Wan Di Si Ji He Kou Di Ceng Xue Yan Jiu@f李从先等著@FLi Cong Xian Deng Zhu |
| 210 | @a北京@c科学出版社@d1998.12 | |
| 215 | @a222页@d26cm | |
| 300 | @a国家科学技术著作出版基金资助出版 | |
| 606 | 0 | @a第四纪 |
| 690 | @aP534.63@v3 | |
| 701 | 0 | @a李从先@4著 |
| 801 | @aCN@bTSTC@c20001010 | |
| 905 | @dP534.63@e59 | |
| 长江晚第四纪河口地层学研究/李从先等著.-北京:科学出版社,1998.12 |
| 222页;26cm |
| 国家科学技术著作出版基金资助出版 |
| ISBN 7-03-006762-2(精装本):CNY39.00 |
| ● |
| 相关链接 |
|
|
|
|
正题名:长江晚第四纪河口地层学研究
索取号:P534.63/59
 
预约/预借
| 序号 | 登录号 | 条形码 | 馆藏地/架位号 | 状态 | 备注 |
| 1 | 0291630 | 002916303 | 第三借阅区/ [索取号:P534.63/59] | 在馆 | |
| 2 | 0291631 | 002916312 | 第三借阅区/ [索取号:P534.63/59] | 在馆 | |
| 3 | 0291632 | 002916321 | 第二样本阅览室/ [索取号:P534.63/59] | 在馆 |